000 01760nam a2200241Ia 4500
003 Ost
005 20260507075711.0
008 260507s9999||||xx |||||||||||||| ||und||
020 _a9789931475842
040 _cfsecg
041 _aara
082 _a336
100 _aساحل، محمد
_eمؤلف
245 0 _aالمالية العامة /
_c محمد ساحل
260 _aالجزائر:
_bجسور,
_c2017
300 _a328 صفحة؛
_bجداول، مخططات بيانية
_c24 سم
504 _aمراجع ص.295
520 _aيعالج هذا الكتاب موضوع المالية العامة من خلال الفصول التالية: حدثنا في الفصل الأول عن النفقات العامة وماهيتها وتقسيماتها مع حجم النفقات العامة والآثار الاقتصادية لها، وذكر لنا من خلال الفصل الثاني الايرادات العامة مفهومها ومصادر ايرادات الدولة، وبعدها ذكر لنا في الفصل الرابع الضرائب ماهيتها والتنظيم الفني للضريبة مع الضغط والازدواج الضريبي، أما في الفصل الرابع فذكر لنا القروض العامة تعريفها وتقسيماتها المختلفة والتنظيم الفني للقرض العام، مع حدود القروض العامة،وفي الفصل الأخير ذكر لنا الميزانية العامة للدولة ومبادؤها، بالإضافة إلى دورة الميزانية العامة للدولة والرقابة على تنفيذها.
653 _aالضرائب
653 _aالمالية العامة
653 _aالميزانية
942 _cكتاب
999 _c45892
_d45892